[Event "VIE-ch U11"]
[Site "Ho Chi Minh City"]
[Date "2014.07.16"]
[Round "6"]
[White "Dao, Phuc Nam"]
[Black "Le, Minh Kha"]
[Result "1-0"]
[WhiteElo "1947"]
[BlackElo "1971"]
[PlyCount "97"]
[EventDate "2014.07.13"]
[EventType "swiss"]
[EventRounds "9"]
[EventCountry "VIE"]
[SourceTitle "EXT 2016"]
[Source "ChessBase"]
[SourceDate "2015.10.08"]
[SourceVersion "1"]
[SourceVersionDate "2015.10.08"]
[SourceQuality "1"]

1. d4 Nf6 2. c4 e6 3. Nc3 d5 4. Bg5 Be7 5. e3 c6 6. Be2 0-0 7. Nf3 Nbd7 8. 0-0 h6 9. Bh4 Ne4 10. Bxe7 Qxe7 11. Qc2 Nef6 12. Rfe1 Re8 13. Bd3 b6 14. Rac1 Bb7 15. cxd5 cxd5 16. Qd2 e5 17. dxe5 Nxe5 18. Nxe5 Qxe5 19. Nb5 Re7 20. f4 Qb8 21. Qb4 Qd8 22. Nd6 Qd7 23. Bb5 Qd8 24. Nxb7 Rxb7 25. Bc6 Rc7 26. Bxa8 Rxc1 27. Rxc1 Qxa8 28. Qc3 a5 29. Qc8+ Qxc8 30. Rxc8+ Kh7 31. Rb8 Nd7 32. Rb7 Nc5 33. Rxb6 Nd3 34. Rb5 Kg6 35. Rxd5 Nxb2 36. Rxa5 Nc4 37. Ra6+ Kf5 38. Kf2 Ke4 39. Ra4 Kd3 40. Rxc4 Kxc4 41. e4 Kc3 42. e5 Kb4 43. Ke3 Ka3 44. f5 Kxa2 45. e6 fxe6 46. fxe6 Kb3 47. e7 Kc4 48. e8Q Kd5 49. Qh5+ 1-0